000 00587cab a2200193 4500
001 WB2503-30
008 090401t1989 xxu||||| |||| 00| 0 eng d
035 _a(Sirsi) u37413
041 _aeng
245 _aBig loans worry Bank
260 _c1989
350 _a0
490 _aDaily Telegraph
_v13/1/89 p4
520 _aReports on Bank of England concern over large loans to property companies by foreign banks , which have continued to accelerate despite the economic slowdown.
650 _aLENDING
690 _aPROPERTY LAW AND PRACTICE
942 _n0
948 _c04/03/1997
999 _c24186
_d24186